000 00916nam a2200253Ia 4500
003 OSt
005 20220923230319.0
006 a|||||r|||| 00| 0
007 ta
008 220922b |||||||| |||| 00| 0 hin d
024 _a279,339
037 _cTextual
040 _aARTS
_cARTS
_bhin
041 _2hin
_ahin
082 _aO152:f, M2
100 _aगणेश प्रसाद
_9156291
245 0 _aहिन्दी शोध* दिशाएॅं, प्रवृतियॉं एवं उपलब्धियॉं
246 _aHindī shodha: dishāeॅan, pravṛutiyaॉan evan upalabdhiyaॉan
260 _aमुजफ्फरपुर
_b सर्वोदय वाङमय
_c1982
300 _a357i`-
_ccm.
650 _aहिन्दी साहित्य
_9156264
942 _hO152:f, M2
_cTEXL
_2CC
999 _c383877
_d383877